El Mediterráneo y el mundo mediterráneo en la época de Felipe II

Uloženo v:
Podrobná bibliografie
Hlavní autor: Braudel, Fernand (Autor)
Médium: Kniha
Jazyk:španělština
Vydáno: Ciudad de México Fondo de Cultura Económica 1953
Edice:Sección de Obras de Historia
Témata:
Tagy: Přidat tag
Žádné tagy, Buďte první, kdo vytvoří štítek k tomuto záznamu!

MARC

LEADER 00000nam a2200000 a 4500
001 UCV8810
003 CL-VaPUC
008 911216e19530000MX |||||||||||||||||spa|d
082 0 4 |a 940.232  |b BRA  |2 21 
100 0 |a Braudel, Fernand  |e author  |9 302813 
245 1 3 |a El Mediterráneo y el mundo mediterráneo en la época de Felipe II 
300 |a 2 v 
942 |c BK 
945 |d 19911216 00:00:00  |a oaravena 
260 |a Ciudad de México  |b Fondo de Cultura Económica  |c 1953 
650 0 |a Historia  |9 255047 
650 0 |a Historia  |9 255047 
650 0 |a Economía   |9 255568 
650 0 |a Civilizaciones  |9 267192 
651 0 |a Europa  |9 255156 
583 |a last modification  |c 19911216 00:00:00  |k Rodrigo Vera 
490 0 |a Sección de Obras de Historia 
999 |c 214258  |d 214256 
952 |0 0  |1 0  |4 0  |6 940_232000000000000_BRA_1953  |7 0  |8 A  |9 197448  |a BIBARQ  |b BIBARQ  |d 2019-11-14  |h v.1  |i 2651173  |o 940.232 BRA 1953  |p 2651173  |r 2025-01-20  |w 2019-11-14  |y BK  |k ARQ 
952 |0 0  |1 0  |4 0  |6 940_232000000000000_BRA_1953  |7 0  |8 A  |9 197449  |a BIBARQ  |b BIBARQ  |d 2019-11-14  |h v.2  |i 2651181  |o 940.232 BRA 1953  |p 2651181  |r 2025-01-20  |w 2019-11-14  |y BK  |k ARQ 
952 |0 0  |1 0  |4 0  |6 940_232000000000000_BRA_1953  |7 0  |8 A  |9 197450  |a BIBHIS  |b BIBHIS  |d 2019-11-14  |h v.2  |i 1369490  |o 940.232 BRA 1953  |p 1369490  |r 2025-01-20  |w 2019-11-14  |y BK  |k HIS